El éxito de ser tú : (Registro nro. 16346)

Detalles MARC
000 -CABECERA
Campo de control de longitud fija 01315nam a2200385 i 4500
003 - IDENTIFICADOR DEL NÚMERO DE CONTROL
Campo de control CL-SaCFP
005 - FECHA Y HORA DE LA ÚLTIMA TRANSACCIÓN
Campo de control 20260309103144.0
007 - CAMPO FIJO DE DESCRIPCIÓN FÍSICA
Campo de control de longitud fija ta
008 - CÓDIGOS DE INFORMACIÓN DE LONGITUD FIJA
Campo de control de longitud fija 250725s2025 amca b 000 0dspa
015 ## - NÚMERO DE BIBLIOGRAFÍA NACIONAL
Número de bibliografía nacional cl-2025-xxxx
020 ## - NÚMERO INTERNACIONAL NORMALIZADO PARA LIBROS (ISBN)
Número Internacional Normalizado para Libros (ISBN) 9789564087979
040 ## - FUENTE DE LA CATALOGACIÓN
Lengua de catalogación spa
Centro transcriptor CL
Normas de descripción rda
082 04 - NÚMERO DE LA CLASIFICACIÓN DECIMAL DEWEY
Número de clasificación 158.1 P438 2025
Número de edición 21
100 1# - PUNTO DE ACCESO PRINCIPAL - NOMBRE DE PERSONA
Nombre de persona Pérez Boizard, Alejandra
Término indicativo de función autora
245 13 - MENCIÓN DE TÍTULO
Título El éxito de ser tú :
Resto del título confía en tu poder para crear con propósito la vida que sueñas /
Mención de responsabilidad etc. Alejandra Pérez B.
246 30 - VARIANTES DE TÍTULO
Título propio / Titulo en breve Confía en tu poder para crear con propósito la vida que sueñas
250 ## - MENCIÓN DE EDICIÓN
Mención de edición Tercera edición: diciembre 2025.
264 #1 - PRODUCTION, PUBLICATION, DISTRIBUTION, MANUFACTURE, AND COPYRIGHT NOTICE
Lugar de producción publicación distribución fabricación Santiago de Chile :
Nombre del de productor editor distribuidor fabricante Editorial Planeta Chilena S.A.,
Fecha de de producción publicación distribución fabricación o copyright 2025.
264 #3 - PRODUCTION, PUBLICATION, DISTRIBUTION, MANUFACTURE, AND COPYRIGHT NOTICE
Lugar de producción publicación distribución fabricación Santiago, Chile :
Nombre del de productor editor distribuidor fabricante CyC Impresores,
Fecha de de producción publicación distribución fabricación o copyright 2025.
264 #4 - PRODUCTION, PUBLICATION, DISTRIBUTION, MANUFACTURE, AND COPYRIGHT NOTICE
Fecha de de producción publicación distribución fabricación o copyright c2025
300 ## - DESCRIPCIÓN FÍSICA
Extensión 238 páginas :
Otras características físicas diagramas ;
Dimensiones 23 cm.
336 ## - TIPO DE CONTENIDO
Término de tipo de contenido texto
Código de tipo de contenido txt
Fuente rdacontent
337 ## - TIPO DE MEDIO
Nombre del tipo de medio no mediado
Código del tipo de medio n
Fuente rdamedia
338 ## - TIPO DE SOPORTE
Nombre del tipo de soporte volumen
Código del tipo de soporte nc
Fuente rdacarrier
490 1# - MENCIÓN DE SERIE
Mención de serie eBook disponible
490 1# - MENCIÓN DE SERIE
Mención de serie Planeta
504 ## - NOTA DE BIBLIOGRAFÍA; ETC.
Nota de bibliografía etc. Bibliografía: página 237-238.
650 #7 - PUNTO DE ACCESO ADICIONAL DE MATERIA - TÉRMINO DE MATERIA
Término de materia o nombre geográfico como elemento inicial Autoconfianza
650 #7 - PUNTO DE ACCESO ADICIONAL DE MATERIA - TÉRMINO DE MATERIA
Término de materia o nombre geográfico como elemento inicial Autoestima
650 #7 - PUNTO DE ACCESO ADICIONAL DE MATERIA - TÉRMINO DE MATERIA
Término de materia o nombre geográfico como elemento inicial Autorrealización (Psicología)
830 #0 - PUNTO DE ACCESO ADICIONAL DE SERIE - TÍTULO UNIFORME
Título uniforme eBook disponible (Editorial Planeta Chilena)
830 #0 - PUNTO DE ACCESO ADICIONAL DE SERIE - TÍTULO UNIFORME
Título uniforme Planeta (Editorial Planeta Chilena (Chile))
942 ## - ENTRADA PARA ELEMENTOS AGREGADOS (KOHA)
Fuente de clasificación o esquema de ordenación en estanterías Dewey Decimal Classification
Koha [por defecto] tipo de item Libros
949 ## - LOCAL PROCESSING INFORMATION (OCLC)
a c
b n
Existencias
Suprimido Estado de pérdida Fuente de clasificación o esquema de ordenación en estanterías Estropeado No para préstamo Código de colección Localización permanente Localización actual Localización en estanterías Fecha de adquisición Préstamos totales Renovaciones totales Signatura completa Código de barras Prestado Fecha última consulta Fecha último préstamo Número de ejemplar Fecha del precio de reemplazo Tipo de item de Koha
    Dewey Decimal Classification     Colección General Biblioteca Central Biblioteca Central Colección General 09/03/2026 1 1 158.1 P438 2025 3563000054699 05/05/2026 15/04/2026 15/04/2026 c.1 09/03/2026 Libros